Statistics for Honkai: Star Rail Quiz #1 (Space Station and Express)

Click here to take the quiz!

General Stats

  • This quiz has been taken 89 times
  • The average score is 11 of 11

Answer Stats

Answer% Correct
March 7
100%
Himeko
97%
Welt
97%
Caelus
96%
Dan Heng
96%
Dr. Ratio
96%
Herta
96%
Stelle
96%
Arlan
95%
Asta
95%
Ruan Mei
91%

Score Distribution

Percentile by Number Answered

Percent of People with Each Score

Your Score History

You have not taken this quiz